00691cam a22002295i 450000100090000000300040000900500170001300800410003001000170007102000180008802500190010603700530012504000230017804200100020108200150021124500910022626400440031730000190036133600260038033700280040633800270043423201970OSt20231007120346.0230627s2023 ii 000 0 eng  a 2023341207 a9789393852908 aI-E-2023341207 bLibrary of Congress -- New Delhi Overseas Office aDLCbengerdacDLC alcode a823bCHA/E04aThe essential, U.R. Ananthamurthy /cedited by N. Manu Chakravarthy and Chandan Gowda. 1aNew Delhi :bAleph Book Company,c2023. axiv, 298 pages atextbtxt2rdacontent aunmediatedbn2rdamedia avolumebnc2rdacarrier